[Event "Plunge op-A 38th"]
[Site "Plateliai"]
[Date "2018.07.22"]
[Round "9"]
[White "Bagdanskis, Dangis"]
[Black "Zalimaite, Ieva"]
[Result "1/2-1/2"]
[WhiteElo "1669"]
[BlackElo "1781"]
[PlyCount "53"]
[EventDate "2018.07.16"]
[EventType "swiss"]
[EventRounds "9"]
[EventCountry "LTU"]
[SourceTitle "EXT 2019"]
[Source "ChessBase"]
[SourceDate "2018.10.10"]
[SourceVersion "1"]
[SourceVersionDate "2018.10.10"]
[SourceQuality "1"]

1. d4 e6 2. Nf3 Nf6 3. Bf4 Be7 4. e3 0-0 5. Bd3 b6 6. Nbd2 Bb7 7. c3 d5 8. Ne5 Nbd7 9. Ndf3 Ne4 10. Nxd7 Qxd7 11. Ne5 Qe8 12. Qc2 f6 13. Nf3 c5 14. 0-0 g5 15. Bg3 Rc8 16. Nd2 f5 17. Be5 Bf6 18. Bxf6 Rxf6 19. f3 Nxd2 20. Qxd2 Qh5 21. Qf2 Kh8 22. h3 Rg8 23. g3 f4 24. Qe2 Rh6 25. e4 dxe4 26. Bxe4 Ba6 27. Bd3 1/2-1/2

[Event "Plunge op-A 38th"]
[Site "Plateliai"]
[Date "2018.07.19"]
[Round "6"]
[White "Leclere, Daniel"]
[Black "Zalimaite, Ieva"]
[Result "1-0"]
[WhiteElo "1649"]
[BlackElo "1781"]
[PlyCount "64"]
[EventDate "2018.07.16"]
[EventType "swiss"]
[EventRounds "9"]
[EventCountry "LTU"]
[SourceTitle "EXT 2019"]
[Source "ChessBase"]
[SourceDate "2018.10.10"]
[SourceVersion "1"]
[SourceVersionDate "2018.10.10"]
[SourceQuality "1"]

1. e4 e6 2. b3 d5 3. Bb2 d4 4. Nf3 c5 5. c3 dxc3 6. Nxc3 Nf6 7. Bb5+ Bd7 8. Bxd7+ Qxd7 9. d4 cxd4 10. Qxd4 Qxd4 11. Nxd4 Bb4 12. f3 0-0 13. 0-0 Na6 14. Rac1 Rfd8 15. Rfd1 e5 16. Nf5 g6 17. Ne3 Bc5 18. Kf2 Bd4 19. Ke2 b5 20. g4 Rac8 21. Rd2 b4 22. Na4 Rxc1 23. Bxc1 Nc7 24. Nc2 Ne6 25. Nxb4 h5 26. gxh5 Nxh5 27. Nc6 Nhf4+ 28. Kf1 Rd7 29. Nxe5 Rc7 30. Nc4 a6 31. Bb2 Ba7 32. Rd6 Ng5 1-0

[Event "Plunge op-A 38th"]
[Site "Plateliai"]
[Date "2018.07.17"]
[Round "3"]
[White "Zalimaite, Ieva"]
[Black "Barsciauskas, Gintautas"]
[Result "1-0"]
[WhiteElo "1781"]
[BlackElo "1601"]
[PlyCount "52"]
[EventDate "2018.07.16"]
[EventType "swiss"]
[EventRounds "9"]
[EventCountry "LTU"]
[SourceTitle "EXT 2019"]
[Source "ChessBase"]
[SourceDate "2018.10.10"]
[SourceVersion "1"]
[SourceVersionDate "2018.10.10"]
[SourceQuality "1"]

1. c4 b6 2. d4 Bb7 3. d5 f5 4. Nc3 Nf6 5. Bf4 d6 6. Nf3 g6 7. Nd4 Bc8 8. Qd3 Bg7 9. e4 fxe4 10. Nxe4 0-0 11. Be3 Nxe4 12. Qxe4 Bf5 13. Nxf5 Rxf5 14. 0-0-0 Qf8 15. Bd3 Re5 16. Qg4 Bh6 17. Bxh6 Qxh6+ 18. Kb1 Qg5 19. Qc8+ Kg7 20. Qb7 Nd7 21. Qxa8 Nc5 22. f4 Qxg2 23. fxe5 Nxd3 24. Rxd3 Qxh1+ 25. Kc2 Qxh2+ 26. Kb3 Qe2 1-0

[Event "LTU-ch (Women)"]
[Site "Kaunas"]
[Date "2018.03.06"]
[Round "5"]
[White "Sibajeva, Marija"]
[Black "Zalimaite, Ieva"]
[Result "0-1"]
[WhiteElo "1953"]
[BlackElo "1717"]
[PlyCount "110"]
[EventDate "2018.03.02"]
[EventType "swiss"]
[EventRounds "7"]
[EventCountry "LTU"]
[SourceTitle "EXT 2019"]
[Source "ChessBase"]
[SourceDate "2018.10.10"]
[SourceVersion "1"]
[SourceVersionDate "2018.10.10"]
[SourceQuality "1"]

1. d4 d5 2. Nf3 Bf5 3. Bf4 Nf6 4. e3 e6 5. Nbd2 Bd6 6. Bg3 0-0 7. Be2 Qe7 8. Nh4 Bg6 9. Nxg6 hxg6 10. Bxd6 Qxd6 11. f4 c5 12. c3 Nbd7 13. 0-0 Ne4 14. Bd3 Nxd2 15. Qxd2 Nf6 16. Qe2 c4 17. Bc2 b5 18. e4 dxe4 19. Bxe4 Nxe4 20. Qxe4 a5 21. Rfd1 Rfd8 22. a3 Rab8 23. Qe5 Qb6 24. Qe2 Rd5 25. Rd2 g5 26. fxg5 Rxg5 27. a4 Qc6 28. axb5 Rgxb5 29. Ra2 Rg5 30. Qe3 Qd5 31. Rf2 Rf5 32. Re2 Qb5 33. Ra1 Qc6 34. Rd2 Rb3 35. Qe2 Qb5 36. Ra2 a4 37. Qe4 Qa6 38. Qc2 Ra5 39. h3 a3 40. bxa3 Raxa3 41. Rb2 Qa5 42. d5 exd5 43. Qf5 Qb6+ 44. Rf2 Rxb2 45. Qxf7+ Kh7 46. Qh5+ Qh6 47. Qxh6+ Kxh6 48. Rxb2 Rxc3 49. Kf2 Rd3 50. Ke2 Kg5 51. Ra2 Kf4 52. Rb2 Ke4 53. Ra2 Re3+ 54. Kd2 c3+ 55. Kd1 Kd3 0-1

[Event "Plunge op 37th"]
[Site "Plateliai"]
[Date "2017.07.19"]
[Round "3"]
[White "Martinkus, Rolandas"]
[Black "Zalimaite, Ieva"]
[Result "1-0"]
[WhiteElo "2157"]
[BlackElo "1700"]
[PlyCount "47"]
[EventDate "2017.07.17"]
[EventType "swiss"]
[EventRounds "9"]
[EventCountry "LTU"]
[SourceTitle "EXT 2019"]
[Source "ChessBase"]
[SourceDate "2018.10.10"]
[SourceVersion "1"]
[SourceVersionDate "2018.10.10"]
[SourceQuality "1"]

1. Nf3 d5 2. g3 Bf5 3. c4 c6 4. Qb3 Qc8 5. cxd5 cxd5 6. Nc3 e6 7. Nd4 Bg6 8. Bh3 Nc6 9. Nxc6 Qxc6 10. d4 Nf6 11. Bg5 Be7 12. Rc1 Qd7 13. Nb5 Rc8 14. Rxc8+ Qxc8 15. Nxa7 Qa8 16. Bxf6 Bxf6 17. Qa4+ Ke7 18. Qa3+ Kd7 19. 0-0 b5 20. Qc5 Qb7 21. Rc1 Rb8 22. Nc6 Be4 23. Bf1 Rc8 24. e3 1-0

[Event "LTU-chT (Women)"]
[Site "Vilnius"]
[Date "2017.01.29"]
[Round "2.2"]
[White "Zalimaite, Ieva"]
[Black "Radzvilaviciene, Daiva"]
[Result "1/2-1/2"]
[WhiteElo "1705"]
[BlackElo "1645"]
[PlyCount "24"]
[EventDate "2017.01.28"]
[EventType "team-tourn"]
[EventRounds "7"]
[EventCountry "LTU"]
[SourceTitle "EXT 2018"]
[Source "ChessBase"]
[SourceDate "2017.10.13"]
[SourceVersion "1"]
[SourceVersionDate "2017.10.13"]
[SourceQuality "1"]
[WhiteTeam "VSK (W)"]
[BlackTeam "Kaunas Margiris (W) II"]
[WhiteTeamCountry "LTU"]
[BlackTeamCountry "LTU"]

1. c4 c6 2. Nc3 d5 3. cxd5 cxd5 4. d4 Nc6 5. Bf4 a6 6. Nf3 Nf6 7. e3 e6 8. Bd3 Nh5 9. Bg3 Nxg3 10. hxg3 h6 11. g4 Be7 12. Rc1 Bf6 1/2-1/2

[Event "Plunge op 35th"]
[Site "Plateliai"]
[Date "2015.07.21"]
[Round "3"]
[White "Kerpe, Mantas"]
[Black "Zalimaite, Ieva"]
[Result "0-1"]
[WhiteElo "1465"]
[BlackElo "1789"]
[PlyCount "68"]
[EventDate "2015.07.20"]
[EventType "swiss"]
[EventRounds "9"]
[EventCountry "LTU"]
[SourceTitle "EXT 2018"]
[Source "ChessBase"]
[SourceDate "2017.10.13"]
[SourceVersion "1"]
[SourceVersionDate "2017.10.13"]
[SourceQuality "1"]

1. e4 e6 2. d4 d5 3. Nc3 Bb4 4. e5 c5 5. a3 Bxc3+ 6. bxc3 Qa5 7. Bd2 Qa4 8. Qb1 c4 9. Nf3 b6 10. Be2 Bd7 11. 0-0 Na6 12. Qb2 0-0-0 13. Bg5 f6 14. Bf4 g5 15. Be3 g4 16. Nh4 f5 17. g3 Ne7 18. Bg5 Rde8 19. Bxe7 Rxe7 20. f4 gxf3 21. Rxf3 Be8 22. Rf4 Rg8 23. Kg2 Reg7 24. Bd1 Nc7 25. Qb4 Qxb4 26. cxb4 Nb5 27. a4 Nc3 28. b5 a6 29. bxa6 Ra7 30. Rf3 Nxd1 31. Rxd1 Bh5 32. Rff1 Bxd1 33. Rxd1 Rxa6 34. Rb1 Kc7 0-1

[Event "LTU-ch sf (Women)"]
[Site "Vilnius"]
[Date "2015.02.23"]
[Round "7"]
[White "Zalimaite, Ieva"]
[Black "Maciuityte, Meda"]
[Result "1-0"]
[WhiteElo "1799"]
[BlackElo "1502"]
[PlyCount "47"]
[EventDate "2015.02.18"]
[EventType "swiss"]
[EventRounds "8"]
[EventCountry "LTU"]
[SourceTitle "EXT 2018"]
[Source "ChessBase"]
[SourceDate "2017.10.13"]
[SourceVersion "1"]
[SourceVersionDate "2017.10.13"]
[SourceQuality "1"]

1. c4 Nf6 2. Nc3 g6 3. g3 Bg7 4. Bg2 0-0 5. d3 d6 6. e3 e5 7. Nge2 Nc6 8. 0-0 Ne8 9. Rb1 a5 10. a3 f5 11. b4 axb4 12. axb4 Ne7 13. Bb2 Nf6 14. Ra1 Rb8 15. Qc2 c6 16. e4 Kh8 17. Kh1 d5 18. f4 Ng4 19. Nd1 fxe4 20. dxe4 dxc4 21. Qxc4 b5 22. Qc5 Qd2 23. Qxe7 Qxb2 24. Nxb2 1-0

[Event "LTU-ch sf (Women)"]
[Site "Vilnius"]
[Date "2015.02.22"]
[Round "6"]
[White "Bajoraite, Rita"]
[Black "Zalimaite, Ieva"]
[Result "1-0"]
[WhiteElo "1945"]
[BlackElo "1799"]
[PlyCount "54"]
[EventDate "2015.02.18"]
[EventType "swiss"]
[EventRounds "8"]
[EventCountry "LTU"]
[SourceTitle "EXT 2018"]
[Source "ChessBase"]
[SourceDate "2017.10.13"]
[SourceVersion "1"]
[SourceVersionDate "2017.10.13"]
[SourceQuality "1"]

1. d4 e6 2. c4 Bb4+ 3. Bd2 Bxd2+ 4. Qxd2 b6 5. e4 Bb7 6. Nc3 d6 7. f4 Nf6 8. Bd3 c5 9. d5 0-0 10. Nf3 exd5 11. cxd5 Na6 12. 0-0 Nb4 13. Bb1 Re8 14. a3 Na6 15. Qd3 g6 16. Ba2 Nc7 17. Bc4 Qc8 18. e5 dxe5 19. fxe5 Nd7 20. Ne4 b5 21. Bxb5 Nxb5 22. Qxb5 Ba6 23. Qxd7 Qxd7 24. Nf6+ Kg7 25. Nxd7 Bxf1 26. Rxf1 Red8 27. e6 f5 1-0

[Event "Plunge op 34th"]
[Site "Plateliai"]
[Date "2014.07.20"]
[Round "9"]
[White "Maciuityte, Greta"]
[Black "Zalimaite, Ieva"]
[Result "0-1"]
[WhiteElo "1615"]
[BlackElo "1822"]
[PlyCount "72"]
[EventDate "2014.07.14"]
[EventType "swiss"]
[EventRounds "9"]
[EventCountry "LTU"]
[SourceTitle "EXT 2015"]
[Source "ChessBase"]
[SourceDate "2014.11.20"]
[SourceVersion "1"]
[SourceVersionDate "2014.11.20"]
[SourceQuality "1"]

1. Nf3 Nf6 2. d4 d5 3. c4 c6 4. c5 g6 5. h3 Bg7 6. e3 0-0 7. Bd3 Nbd7 8. 0-0 Re8 9. Ne1 e5 10. f4 exd4 11. exd4 Ne4 12. Nf3 Nf8 13. Nbd2 h5 14. Ne5 f6 15. Nef3 Bh6 16. Nh2 Qc7 17. Nxe4 dxe4 18. Bc4+ Be6 19. Be2 f5 20. Qe1 Rad8 21. Be3 Bg7 22. Qf2 Re7 23. a3 Red7 24. Rfd1 Bb3 25. Rd2 Ne6 26. Bd1 Bxd1 27. Raxd1 Rd5 28. Qf1 Kh7 29. Qf2 Bf6 30. g4 Qg7 31. b4 Bxd4 32. Bxd4 Rxd4 33. Rxd4 Rxd4 34. Rf1 Rd3 35. Qa2 Qd4+ 36. Kh1 Qd5 0-1

[Event "Plunge op 34th"]
[Site "Plateliai"]
[Date "2014.07.19"]
[Round "8"]
[White "Zalimaite, Ieva"]
[Black "Misiuk, Ernest"]
[Result "1/2-1/2"]
[WhiteElo "1822"]
[BlackElo "1556"]
[PlyCount "21"]
[EventDate "2014.07.14"]
[EventType "swiss"]
[EventRounds "9"]
[EventCountry "LTU"]
[SourceTitle "EXT 2015"]
[Source "ChessBase"]
[SourceDate "2014.11.20"]
[SourceVersion "1"]
[SourceVersionDate "2014.11.20"]
[SourceQuality "1"]

1. c4 Nf6 2. Nc3 g6 3. g3 Bg7 4. Bg2 0-0 5. d3 d6 6. e3 e5 7. Nge2 d5 8. 0-0 Nc6 9. a3 Be6 10. Rb1 Qd7 11. b4 1/2-1/2

[Event "Plunge op 34th"]
[Site "Plateliai"]
[Date "2014.07.15"]
[Round "2"]
[White "Krivonosov, Oleg"]
[Black "Zalimaite, Ieva"]
[Result "1-0"]
[WhiteElo "2448"]
[BlackElo "1822"]
[PlyCount "95"]
[EventDate "2014.07.14"]
[EventType "swiss"]
[EventRounds "9"]
[EventCountry "LTU"]
[SourceTitle "EXT 2015"]
[Source "ChessBase"]
[SourceDate "2014.11.20"]
[SourceVersion "1"]
[SourceVersionDate "2014.11.20"]
[SourceQuality "1"]

1. Nf3 Nf6 2. c4 d5 3. d4 Bg4 4. Ne5 Bh5 5. cxd5 Nxd5 6. Qb3 Nb6 7. e3 c6 8. Be2 Bg6 9. Nc3 N8d7 10. Nxg6 hxg6 11. Bd2 e6 12. h3 Be7 13. Rc1 Nf6 14. Bf3 g5 15. g3 g4 16. hxg4 Rxh1+ 17. Bxh1 Nxg4 18. Bf3 Nf6 19. a4 Qd7 20. a5 Nbd5 21. Na4 Rc8 22. e4 Nc7 23. Qxb7 Nb5 24. Qxd7+ Kxd7 25. Rc4 Rd8 26. Be3 Kc7 27. Nc3 Kb7 28. Ke2 Nd6 29. a6+ Kc7 30. Bf4 Nfe8 31. Nb5+ Kb6 32. Nxd6 Nxd6 33. Bxd6 Bxd6 34. e5 Bb8 35. Rxc6+ Kb5 36. Ke3 Kb4 37. Be4 Kb5 38. f4 g6 39. g4 Rh8 40. Bf3 Rd8 41. b3 Kb4 42. Rc1 Kb5 43. Bb7 Kb6 44. Ke4 Rd7 45. Rc6+ Ka5 46. Rc8 Bc7 47. Bc6 Re7 48. Re8 1-0

[Event "EST-ch U26"]
[Site "Tartu"]
[Date "2014.05.17"]
[Round "7"]
[White "Daulyte Cornette, Deimante"]
[Black "Zalimaite, Ieva"]
[Result "1-0"]
[WhiteElo "2242"]
[BlackElo "1880"]
[PlyCount "59"]
[EventDate "2014.05.16"]
[EventType "swiss"]
[EventRounds "9"]
[EventCountry "EST"]
[SourceTitle "CBM 160 Extra"]
[Source "ChessBase"]
[SourceDate "2014.07.01"]
[SourceVersion "1"]
[SourceVersionDate "2014.07.01"]
[SourceQuality "1"]

1. e4 e6 2. d4 d5 3. Nc3 Bb4 4. e5 c5 5. a3 Bxc3+ 6. bxc3 Qa5 7. Bd2 Qa4 8. Qb1 c4 9. Nh3 Ne7 10. Be2 b6 11. Nf4 Nd7 12. h4 Ba6 13. Rh3 0-0-0 14. Nh5 Rhg8 15. Bg5 Rde8 16. Rf3 h6 17. Bxe7 Rxe7 18. Qc1 Kc7 19. Bd1 Nb8 20. Rg3 Qe8 21. Rxg7 Rxg7 22. Nxg7 Qh8 23. Nh5 Nd7 24. Qf4 Qh7 25. Kd2 Re8 26. Bf3 Bb5 27. Bxd5 exd5 28. e6+ Kb7 29. exd7 Bxd7 30. Nf6 1-0

[Event "EST-ch U26"]
[Site "Tartu"]
[Date "2014.05.16"]
[Round "1"]
[White "Zalimaite, Ieva"]
[Black "Klein, Felix"]
[Result "0-1"]
[WhiteElo "1880"]
[BlackElo "2284"]
[PlyCount "138"]
[EventDate "2014.05.16"]
[EventType "swiss"]
[EventRounds "9"]
[EventCountry "EST"]
[SourceTitle "CBM 160 Extra"]
[Source "ChessBase"]
[SourceDate "2014.07.01"]
[SourceVersion "1"]
[SourceVersionDate "2014.07.01"]
[SourceQuality "1"]

1. c4 e6 2. Nc3 d5 3. cxd5 exd5 4. d4 c6 5. Nf3 Bd6 6. Bg5 Ne7 7. e3 Bf5 8. Bd3 Bxd3 9. Qxd3 0-0 10. 0-0 Nd7 11. Rac1 Nb6 12. e4 dxe4 13. Nxe4 Nbd5 14. Nxd6 Qxd6 15. Bxe7 Qxe7 16. Rfe1 Qf6 17. Qb3 Rab8 18. Qa4 Nf4 19. Rcd1 a6 20. Qc2 Rfd8 21. a3 Rd5 22. Qe4 h6 23. g3 Ne6 24. Re2 Rbd8 25. Red2 Ng5 26. Nxg5 Qxg5 27. b4 Qf6 28. Kg2 Qd6 29. Qd3 a5 30. Qc3 axb4 31. Qxb4 Qxb4 32. axb4 Ra8 33. Kf3 Ra4 34. Rb1 Kf8 35. Ke4 Ra3 36. Rd3 Ra2 37. Ke3 Ke7 38. Rdb3 Rf5 39. R3b2 Rxb2 40. Rxb2 Kd6 41. Ke4 Rb5 42. f4 b6 43. g4 g6 44. h4 Kd7 45. f5 gxf5+ 46. gxf5 c5 47. dxc5 bxc5 48. Rd2+ Ke7 49. bxc5 Rxc5 50. Rd4 Rc1 51. Kf4 Rf1+ 52. Kg4 Kf6 53. Rd6+ Kg7 54. f6+ Rxf6 55. Rd4 Rf1 56. Kg3 Kg6 57. Rd6+ f6 58. Rd8 Ra1 59. Rg8+ Kf5 60. Rh8 Ra3+ 61. Kg2 Kg6 62. Rg8+ Kh5 63. Rf8 Ra6 64. Kh3 Rb6 65. Rf7 Rb3+ 66. Kg2 Kg6 67. Rf8 f5 68. h5+ Kg5 69. Rf7 Rb5 0-1

[Event "LTU-chT (Women)"]
[Site "Lithuania"]
[Date "2014.02.09"]
[Round "3"]
[White "Gailiunaite, Saule"]
[Black "Zalimaite, Ieva"]
[Result "1-0"]
[WhiteElo "1635"]
[BlackElo "1847"]
[PlyCount "83"]
[EventDate "2014.02.08"]
[EventType "team-tourn"]
[EventRounds "5"]
[EventCountry "LTU"]
[SourceTitle "EXT 2016"]
[Source "ChessBase"]
[SourceDate "2015.10.08"]
[SourceVersion "1"]
[SourceVersionDate "2015.10.08"]
[SourceQuality "1"]

1. d4 e6 2. c4 Nf6 3. Nc3 b6 4. Bg5 Be7 5. e3 Bb7 6. f3 d6 7. Bd3 Nbd7 8. Nge2 e5 9. Ng3 h6 10. Bxf6 Bxf6 11. d5 Bh4 12. Nce4 f5 13. Nf2 Qg5 14. Nxf5 Bxf2+ 15. Kxf2 0-0 16. Ng3 Qh4 17. Re1 Nc5 18. Kg1 b5 19. cxb5 Bxd5 20. Bh7+ Kxh7 21. Qxd5 Qb4 22. Ne4 Na4 23. b3 Nb6 24. Qd3 Kh8 25. a4 Qa5 26. Reb1 Nd7 27. Nc3 a6 28. b4 Qb6 29. a5 Qb7 30. Rc1 Nf6 31. Rcb1 d5 32. bxa6 Rxa6 33. Na4 Rd6 34. Nc5 Qc8 35. a6 e4 36. fxe4 dxe4 37. Qe2 Qf5 38. Ra5 Qg6 39. Nb7 Rd3 40. a7 Ra8 41. Rd1 Nd5 42. Rxd5 1-0

[Event "Plateliai op 23rd"]
[Site "Plateliai"]
[Date "2013.07.18"]
[Round "6"]
[White "Zalimaite, Ieva"]
[Black "Samulionis, Matas"]
[Result "1-0"]
[WhiteElo "1847"]
[BlackElo "1671"]
[PlyCount "65"]
[EventDate "2013.07.15"]
[EventType "swiss"]
[EventRounds "9"]
[EventCountry "LTU"]
[SourceTitle "EXT 2014"]
[Source "ChessBase"]
[SourceDate "2013.11.20"]
[SourceVersion "1"]
[SourceVersionDate "2013.11.20"]
[SourceQuality "1"]

1. c4 e5 2. Nc3 Nc6 3. g3 Bb4 4. Bg2 Bxc3 5. dxc3 f5 6. c5 Nf6 7. Qb3 d5 8. cxd6 cxd6 9. Bg5 e4 10. 0-0-0 Qe7 11. Bxf6 Qxf6 12. Qd5 Ke7 13. Nh3 Rd8 14. f3 exf3 15. exf3 Be6 16. Rhe1 Kf7 17. Qb5 Rab8 18. f4 a6 19. Qa4 Bd7 20. Ng5+ Kg6 21. Bd5 Ne7 22. Bf7+ Kh6 23. Qb4 Bc8 24. Qb6 Nc6 25. Qf2 g6 26. Be6 Bxe6 27. Rxe6 Qf8 28. Qg2 Kg7 29. Re2 Kg8 30. Qd5+ Kh8 31. Nf7+ Kg7 32. Nxd8 Rxd8 33. Re6 1-0